Elementary statistics : (Record no. 8157)
[ view plain ]
| 000 -LEADER | |
|---|---|
| fixed length control field | 00485cam a2200181 a 4500 |
| 020 ## - ISBN | |
| International Standard Book Number | 9780077805036 |
| 020 ## - ISBN | |
| International Standard Book Number | 9780077805036 |
| 020 ## - ISBN | |
| International Standard Book Number | 0077805038 |
| 020 ## - ISBN | |
| International Standard Book Number | 9780077805043 |
| 020 ## - ISBN | |
| International Standard Book Number | 0077805046 |
| 050 00 - LIBRARY OF CONGRESS CALL NUMBER | |
| Classification Number | QA 276.12 |
| Item Number | .B4 2013 |
| 100 1# - MAIN ENTRY--Author | |
| Personal name | Bluman, Allan G. |
| 245 10 - TITLE | |
| Title | Elementary statistics : |
| Remainder of title | a brief version / |
| Statement of responsibility, etc | Allan G. Bluman. |
| 250 ## - EDITIONSTATEMENT | |
| Edition statement | 6th ed. |
| 260 ## - PUBLICATION, DISTRIBUTION, ETC.(IMPRINT) | |
| Place of publication, distribution, etc | New York, NY : |
| Name of publisher, distributor, etc | McGraw-Hill, |
| Date of publication, distribution, etc | 2013. |
| 300 ## - PHYSICAL DESCRIPTION | |
| Extent | 1 v. (various pagings) : |
| 942 ## - ADDED ENTRY ELEMENTS(KOHA) | |
| Source of classification or shelving scheme | Library of Congress Classification |
| Koha item type | General circulation |
| Source of classification or shelving scheme | Not for loan | Location (home branch) | Sublocation (holding branch) | Shelving location | Date accessioned | Source of acquisition | Full call number | Barcode | Koha item type | Public note | Nonpublic note |
|---|---|---|---|---|---|---|---|---|---|---|---|
| Library of Congress Classification | Main Campus Library | Main Campus Library | 04/08/2015 | Donation - Books for Africa | QA 276.12 .B4 2013 | 2015/006345 | General circulation | JTH | |||
| Library of Congress Classification | Main Campus Library | Main Campus Library | 08/06/2017 | QA 276.12 .B4 2013 | 2017/019575 | CD/DVD-ROMs | |||||
| Library of Congress Classification | Mtito Andei Centre Library | Mtito Andei Centre Library | 10/02/2016 | QA 276.12 .B4 2013 | 2015/009238 | General circulation | Nzk | Nzk | |||
| Library of Congress Classification | Mtito Andei Centre Library | Mtito Andei Centre Library | 10/02/2016 | QA 276.12 .B4 2013 | 2015/009243 | General circulation | Nzk | Nzk |